| 000 | 00483cam a2200181 i 4500 | ||
|---|---|---|---|
| 005 | 20250207173221.0 | ||
| 008 | 970404s2002 mex d 0000 spa c | ||
| 020 | _a9780521802994 | ||
| 041 |
_aESP _aING |
||
| 082 | _aR 423 D545d | ||
| 245 | _aDiccionario Cambridge Klett Pocket Inglés-Español, Español-Inglés | ||
| 260 |
_aEstados Unidos _bCambridge _c2002 |
||
| 300 | _a903 páginas | ||
| 650 | _aDICCIONARIO | ||
| 650 | _aINGLÉS | ||
| 650 | _aESPAÑOL | ||
| 942 |
_cREF _2ddc |
||
| 999 |
_c8777 _d8777 |
||